00878cam a22002411 4500001001300000003000400013005001700017008004100034010001700075035002000092040001700112042001200129050002100141110005400162245013100216260001800347300007600365500003800441504002600479650005700505700005700562999001700619gs 58000030 DLC20260227111406.0850429s1957 ua ab s000 0 eng  ags 58000030  a(OCoLC)11978153 aDLCcWUdDLC apremarc00aQE328b.A45 19572 aMisāḥah al-Jiyūlūjīyah al-Miṣrīyah.10aGeology of Umm Salatît-el-Hisinât districtb(Barrâmîya East sheet)cBy M. Saber Mansour, F. A. Bassyuni, D. M. al-Far. aCairo,c1957. a43, [1] p.;[6] p.billus., maps (part fold., part col.) diagrs.c28 cm. aAdded t.p. and summary in Arabic. a"References": p. [44] 0aGeologyzEgyptzUmm Salatît-el-Hisinât district.1 aManṣūr, Muḥammad Ṣābir Musṭafā,d1922- c29207d29207